[Event "22nd EUR-ch (w)"]
[Site "Prague CZE"]
[Date "2022.08.25"]
[Round "6.33"]
[White "Papp, Sarah"]
[Black "Huda, Maryana"]
[Result "0-1"]
[WhiteElo "2290"]
[BlackElo "2128"]
[EventDate "2022.08.20"]
[PlyCount "68"]

1.e4 e5 2.Nf3 Nc6 3.Bb5 a6 4.Ba4 Nf6 5.O-O b5 6.Bb3 Bb7 7.d3 Be7 8.c4 bxc4
9.Bxc4 O-O 10.Nc3 d6 11.a3 Nd4 12.Nxd4 exd4 13.Nd5 Nxd5 14.exd5 Bf6 15.b4 
Qd7 16.Bd2 Rfe8 17.Rc1 Re7 18.a4 h5 19.Qxh5 Qxa4 20.f4 Qe8 21.f5 Re2 22.
Rfe1 Rxe1+ 23.Rxe1 Qa4 24.g4 Re8 25.Rxe8+ Qxe8 26.g5 g6 27.Qf3 Be5 28.f6 
Qa4 29.h4 Qa1+ 30.Kf2 Qb2 31.Ke2 Bc8 32.Qe4 Qa1 33.Qg2 Bf5 34.Kf3 Qd1+ 0-1

[Event "22nd EUR-ch (w)"]
[Site "Prague CZE"]
[Date "2022.08.25"]
[Round "6.34"]
[White "Nilssen, Ellen Fredericia"]
[Black "Rudzinska, Michalina"]
[Result "0-1"]
[WhiteElo "2139"]
[BlackElo "2287"]
[EventDate "2022.08.20"]
[PlyCount "88"]

1.d4 Nf6 2.c4 e6 3.Nf3 b6 4.g3 Bb7 5.Bg2 Bb4+ 6.Bd2 Be7 7.Nc3 O-O 8.O-O d5
9.Ne5 c6 10.cxd5 cxd5 11.Rc1 Nfd7 12.Bf4 Nxe5 13.Bxe5 Nc6 14.Bf4 Bf6 15.e4
Rc8 16.exd5 Nxd4 17.dxe6 Bxg2 18.exf7+ Rxf7 19.Kxg2 Re7 20.Qh5 Rc5 21.Qd1 
g5 22.Bd2 Qa8+ 23.f3 g4 24.Bh6 Nxf3 25.Qb3+ Kh8 26.Nd5 Re2+ 27.Rf2 Rxf2+ 
28.Kxf2 Qxd5 29.Qxd5 Rxd5 30.Rc7 Kg8 31.Rxa7 Rh5 32.Bf4 Rxh2+ 33.Ke3 Rxb2 
34.Ke4 Rb5 35.a4 Ng5+ 36.Bxg5 Rxg5 37.Rb7 Be5 38.Rxb6 Bxg3 39.Rb2 h5 40.
Ra2 Ra5 41.Ke3 h4 42.Ke2 h3 43.Kf1 Re5 44.Ra1 Re1+ 0-1

[Event "22nd EUR-ch (w)"]
[Site "Prague CZE"]
[Date "2022.08.25"]
[Round "6.35"]
[White "Marcinczyk, Monika"]
[Black "Mkrtchian, Mariam"]
[Result "0-1"]
[WhiteElo "1934"]
[BlackElo "2285"]
[EventDate "2022.08.20"]
[PlyCount "114"]

1.e4 c6 2.d4 d5 3.e5 Bf5 4.Nf3 e6 5.Be2 Ne7 6.O-O Nd7 7.Nh4 c5 8.c3 Be4 9.
Nd2 Nc6 10.Nxe4 dxe4 11.g3 cxd4 12.cxd4 Nb6 13.Be3 Be7 14.Ng2 O-O 15.Bb5 
Rc8 16.Rc1 Qd5 17.Bxc6 Rxc6 18.Rxc6 Qxc6 19.Qg4 Rc8 20.Nf4 Qd7 21.Re1 Nd5 
22.Nh5 g6 23.Bh6 Rc2 24.Qxe4 Rxb2 25.g4 Bh4 26.Ng3 Bxg3 27.hxg3 Rxa2 28.
Rc1 Ra3 29.Qe1 a5 30.Rc5 b6 31.Qc1 bxc5 32.Qxa3 a4 33.dxc5 Qc6 34.Qb2 Qa8 
35.c6 a3 36.Qb7 Nc7 37.Qxa8+ Nxa8 38.Bc1 a2 39.Bb2 Kf8 40.Kf1 Ke7 41.Ke2 
Kd8 42.Kd3 Kc7 43.Kc4 Kxc6 44.Kb3 Kd5 45.Kxa2 Ke4 46.Kb3 Kf3 47.Bd4 Kxg4 
48.Kc4 Nc7 49.Kc5 Nd5 50.Kd6 g5 51.Kd7 h5 52.Ke8 h4 53.f4 h3 54.Bg1 gxf4 
55.gxf4 Nxf4 56.Bh2 Ne2 57.Kxf7 Kf5 0-1

[Event "22nd EUR-ch (w)"]
[Site "Prague CZE"]
[Date "2022.08.25"]
[Round "6.36"]
[White "Sieber, Fiona"]
[Black "Lomaia, Diana"]
[Result "1-0"]
[WhiteElo "2280"]
[BlackElo "1955"]
[EventDate "2022.08.20"]
[PlyCount "132"]

1.e4 c5 2.Nf3 e6 3.d4 cxd4 4.Nxd4 Nc6 5.Nc3 Qc7 6.Be3 a6 7.a3 b5 8.Nxc6 
Qxc6 9.h4 Bb7 10.h5 h6 11.Be2 Nf6 12.Qd4 Rc8 13.e5 Nd5 14.Bf3 Qc4 15.Qxc4 
Rxc4 16.Nxd5 Bxd5 17.Bxd5 exd5 18.O-O-O Bc5 19.Bxc5 Rxc5 20.b4 Rc7 21.Rxd5
Ke7 22.Rhd1 Ra8 23.f4 Raa7 24.R1d3 Rc4 25.R5d4 Rac7 26.Rxc4 Rxc4 27.g3 Rc6
28.Kd2 f6 29.exf6+ Rxf6 30.Rd5 Rc6 31.Kd3 Ke6 32.Re5+ Kf6 33.Rc5 Rd6+ 34.
Ke4 Re6+ 35.Re5 Rc6 36.Rf5+ Ke7 37.Rc5 Rd6 38.c4 bxc4 39.Rxc4 Re6+ 40.Kf3 
Kf6 41.Rc5 Kf7 42.Rf5+ Kg8 43.Rd5 Rc6 44.Ke4 Rc3 45.Rd3 Rc4+ 46.Kf5 a5 47.
Rb3 axb4 48.axb4 Rc6 49.b5 Rb6 50.Ke5 Kf7 51.Kd5 d6 52.Kc4 Ke6 53.Kb4 Rb8 
54.Ka5 Kd7 55.b6 Ra8+ 56.Kb5 Ra1 57.Rc3 Rb1+ 58.Ka6 Ra1+ 59.Kb7 Ra5 60.
Rc7+ Kd8 61.Rxg7 Rxh5 62.Kc6 Rh1 63.Rg8+ Ke7 64.b7 Rc1+ 65.Kd5 Rd1+ 66.Ke4
Re1+ 1-0

[Event "22nd EUR-ch (w)"]
[Site "Prague CZE"]
[Date "2022.08.25"]
[Round "6.37"]
[White "Gaboian, Susanna"]
[Black "Pipiras, Filipa Fortuna"]
[Result "1-0"]
[WhiteElo "2270"]
[BlackElo "2135"]
[EventDate "2022.08.20"]
[PlyCount "111"]

1.e4 c5 2.c3 Nf6 3.e5 Nd5 4.Bc4 Nb6 5.Bb3 d6 6.exd6 Qxd6 7.Nf3 Nc6 8.O-O 
Bf5 9.d4 e6 10.Na3 cxd4 11.Nb5 Qd7 12.Bf4 Rc8 13.Nfxd4 Nxd4 14.Nxd4 Be4 
15.Qh5 Bg6 16.Qf3 Nd5 17.Rad1 Be7 18.Bg3 O-O 19.c4 Nb6 20.Nf5 Bxf5 21.Rxd7
Nxd7 22.Qxb7 e5 23.Bxe5 Nxe5 24.Qxe7 Nxc4 25.Bxc4 Rxc4 26.Qxa7 Be4 27.Re1 
h5 28.b3 Rc2 29.h3 Bd5 30.Re5 Be6 31.Rxh5 Rd8 32.Qe7 Rdc8 33.Qh4 f6 34.
Rh8+ Kf7 35.Qh5+ Ke7 36.Qh7 Rc1+ 37.Kh2 Kf7 38.Qh5+ Ke7 39.Rh7 Kf8 40.Qg6 
R1c7 41.h4 Bg8 42.Rh8 Rc5 43.h5 Rg5 44.Qd3 Ke7 45.Qe4+ Kd6 46.Qd4+ Ke7 47.
Qa7+ Kf8 48.Qd7 Ra8 49.f4 Rga5 50.b4 R5a7 51.Qe6 Rf7 52.Qd6+ Re7 53.Qd5 
Rea7 54.Rxg8+ Ke7 55.Rxg7+ Kf8 56.Qg8# 1-0

[Event "22nd EUR-ch (w)"]
[Site "Prague CZE"]
[Date "2022.08.25"]
[Round "6.38"]
[White "Markova, Karolina"]
[Black "Eric, Jovana"]
[Result "0-1"]
[WhiteElo "1635"]
[BlackElo "2244"]
[EventDate "2022.08.20"]
[PlyCount "76"]

1.e4 c5 2.Nc3 Nc6 3.g3 g6 4.Bg2 Bg7 5.d3 e6 6.f4 d6 7.Nf3 Nge7 8.O-O O-O 
9.g4 f5 10.exf5 exf5 11.g5 d5 12.Ne2 d4 13.c3 Nd5 14.Qb3 Na5 15.Qc2 Re8 
16.b4 cxb4 17.cxd4 Be6 18.Ne5 Rc8 19.Qa4 Nc3 20.Nxc3 bxc3 21.Be3 a6 22.
Rac1 b5 23.Qb4 Bf8 24.Qb1 b4 25.Bf3 Qd6 26.Bd1 Nc6 27.Nxc6 Qxc6 28.Rf2 Bd5
29.Re2 Kh8 30.Bb3 Bxb3 31.Qxb3 Qf3 32.Rce1 c2 33.d5 Rxe3 34.Rxe3 Qxe3+ 35.
Rxe3 c1=Q+ 36.Kf2 Bc5 37.d4 Bxd4 38.Kf3 Bxe3 0-1

[Event "22nd EUR-ch (w)"]
[Site "Prague CZE"]
[Date "2022.08.25"]
[Round "6.39"]
[White "Kazarian, Anna-Maja"]
[Black "Zimina, Olga"]
[Result "1/2-1/2"]
[WhiteElo "2139"]
[BlackElo "2340"]
[EventDate "2022.08.20"]
[PlyCount "94"]

1.e4 c6 2.d4 d5 3.e5 c5 4.dxc5 e6 5.a3 Bxc5 6.Qg4 Ne7 7.b4 Bb6 8.Bb2 Ng6 
9.Bd3 Qh4 10.Qxh4 Nxh4 11.g3 Nf5 12.Bxf5 exf5 13.Nc3 Be6 14.O-O-O Bxf2 15.
Nxd5 Na6 16.Nh3 Bxd5 17.Rxd5 Nc7 18.Rd3 Bb6 19.Rf1 g6 20.e6 O-O 21.e7 Rfc8
22.Nf4 f6 23.Bxf6 Kf7 24.Be5 Ne8 25.Nd5 Rc4 26.Bf4 Rac8 27.c3 Bd4 28.Kb2 
Bg7 29.Re1 Re4 30.Rxe4 fxe4 31.Rd1 Ke6 32.Kb3 b5 33.Be3 Nf6 34.Nxf6 Bxf6 
35.Bc5 g5 36.g4 a6 37.Re1 Kd5 38.Rd1+ Ke6 39.Re1 Kd5 40.h3 Re8 41.Rd1+ Ke6
42.Rd6+ Kxe7 43.c4 Kf7 44.Be3 Rc8 45.Bc5 Re8 46.Be3 Rc8 47.Bc5 Re8 1/2-1/2

[Event "22nd EUR-ch (w)"]
[Site "Prague CZE"]
[Date "2022.08.25"]
[Round "6.40"]
[White "Dwilewicz, Katarzyna"]
[Black "Roebers, Eline"]
[Result "0-1"]
[WhiteElo "2131"]
[BlackElo "2324"]
[EventDate "2022.08.20"]
[PlyCount "94"]

1.e4 c5 2.Nf3 d6 3.d4 cxd4 4.Nxd4 Nf6 5.Nc3 a6 6.f3 e5 7.Nb3 Be7 8.Be3 Be6
9.Qd2 h5 10.O-O-O Nbd7 11.h3 h4 12.Kb1 Rc8 13.f4 b5 14.Bd3 Qc7 15.f5 Bc4 
16.Qf2 b4 17.Ne2 a5 18.Rd2 a4 19.Nbc1 Qb7 20.Qf3 d5 21.Bxc4 dxc4 22.Rhd1 
Rc7 23.Rd5 Nxd5 24.exd5 Rc8 25.g4 b3 26.cxb3 axb3 27.axb3 cxb3 28.g5 Ra8 
29.Rd3 Qa6 30.Rxb3 O-O 31.Nc3 Rfb8 32.Kc2 Rxb3 33.Nxb3 Rb8 34.Qe2 Qc8 35.
Qg4 Rb4 36.Qh5 Qb8 37.g6 fxg6 38.fxg6 Nf6 39.Qf5 Rxb3 40.Qe6+ Kh8 41.Qxe7 
Rxb2+ 42.Kc1 Rb7 43.Qe6 Qa8 44.Kd2 Rc7 45.Bb6 Rc4 46.Kd3 Qa6 47.Bf2 Rc6+ 
0-1

[Event "22nd EUR-ch (w)"]
[Site "Prague CZE"]
[Date "2022.08.25"]
[Round "6.41"]
[White "Sandu, Mihaela"]
[Black "Lhotska, Anna"]
[Result "0-1"]
[WhiteElo "2297"]
[BlackElo "2081"]
[EventDate "2022.08.20"]
[PlyCount "88"]

1.e4 c5 2.Nf3 d6 3.d4 cxd4 4.Qxd4 Nc6 5.Qe3 Nf6 6.c4 g6 7.Nc3 Bg7 8.h3 O-O
9.Be2 Be6 10.O-O Rc8 11.Nd5 Na5 12.Nd2 Nd7 13.Rb1 Nc6 14.Nf3 Nde5 15.b3 f5
16.Ng5 Bd7 17.f4 Nxc4 18.Qg3 Nb6 19.Nxb6 Qxb6+ 20.Kh1 Nd4 21.Bd3 fxe4 22.
Bxe4 Nf5 23.Qe1 Rc3 24.Bd5+ Kh8 25.Rf3 Rxf3 26.Bxf3 e5 27.Bd5 Bf6 28.fxe5 
Bxe5 29.Nf3 Ng3+ 30.Qxg3 Bxg3 31.Bb2+ Be5 32.Nxe5 dxe5 33.Bxe5+ Rf6 34.Rf1
Bf5 35.g4 Qd8 36.Bc4 b5 37.Be6 Be4+ 38.Kg1 Qb6+ 39.Kh2 Qxe6 40.Bxf6+ Kg8 
41.Bh4 Qd6+ 42.Bg3 Qd2+ 43.Rf2 Qd1 44.Bh4 g5 0-1

[Event "22nd EUR-ch (w)"]
[Site "Prague CZE"]
[Date "2022.08.25"]
[Round "6.42"]
[White "Schloffer, Jasmin-Denise"]
[Black "Paramzina, Anastasya"]
[Result "0-1"]
[WhiteElo "2127"]
[BlackElo "2216"]
[EventDate "2022.08.20"]
[PlyCount "84"]

1.d4 Nf6 2.c4 g6 3.Nc3 d5 4.Nf3 Bg7 5.Bg5 Ne4 6.cxd5 Nxg5 7.Nxg5 e6 8.Qd2 
exd5 9.Qe3+ Kf8 10.Qf4 Bf6 11.h4 h6 12.Nxd5 Bxg5 13.Qe5 Rg8 14.hxg5 Nc6 
15.Qe4 Bf5 16.Qf3 Nxd4 17.Qa3+ Kg7 18.Ne3 Qxg5 19.Qc3 c5 20.Nxf5+ Qxf5 21.
O-O-O b5 22.e3 b4 23.Qd2 Ne6 24.Bc4 Rad8 25.Qe2 Rxd1+ 26.Rxd1 Rd8 27.Rxd8 
Nxd8 28.g4 Qe4 29.f3 Qe5 30.Qd3 Nb7 31.f4 Qc7 32.Qd5 Na5 33.Kc2 Nxc4 34.
Qxc4 Qd6 35.a3 a5 36.axb4 axb4 37.Kc1 h5 38.Qe2 hxg4 39.Qxg4 Qd3 40.Qg3 b3
41.Qf2 c4 42.f5 g5 0-1

[Event "22nd EUR-ch (w)"]
[Site "Prague CZE"]
[Date "2022.08.25"]
[Round "6.43"]
[White "Richterova, Natasa"]
[Black "Butenandt, Svenja"]
[Result "0-1"]
[WhiteElo "2215"]
[BlackElo "2032"]
[EventDate "2022.08.20"]
[PlyCount "100"]

1.d4 Nf6 2.c4 e6 3.Nf3 c5 4.e3 cxd4 5.exd4 d5 6.b3 Bb4+ 7.Bd2 Bxd2+ 8.Qxd2
dxc4 9.bxc4 Ne4 10.Qe3 Qa5+ 11.Nbd2 Nxd2 12.Nxd2 O-O 13.Bd3 Nd7 14.O-O Nf6
15.Nb3 Qc7 16.Nc5 Bd7 17.Ne4 Nxe4 18.Qxe4 g6 19.Rab1 b6 20.h4 h5 21.Qe3 
Kg7 22.Rfd1 Bc6 23.Be2 Bb7 24.Rb5 Rh8 25.Rg5 Rad8 26.Rg3 Rd7 27.Qc3 Kh7 
28.Rg5 Qf4 29.Qd3 Be4 30.Qe3 Qxh4 31.f3 f6 32.Rb5 Bc6 33.Rb2 Rhd8 34.Qxe6 
Rxd4 35.Rf1 R4d7 36.Qxc6 Qd4+ 37.Rf2 Qxb2 38.Bf1 Qd4 39.Qe6 Qe5 40.Qc6 Rd6
41.Qa4 Qc5 42.Qb5 Rd2 43.Qxc5 bxc5 44.a4 Rxf2 45.Kxf2 Rd2+ 46.Ke3 Ra2 47.
Ke4 Rxa4 48.Kd5 Ra1 49.Be2 Re1 50.Bd3 Rd1 0-1

[Event "22nd EUR-ch (w)"]
[Site "Prague CZE"]
[Date "2022.08.25"]
[Round "6.44"]
[White "Tsirulnik, Maritsa"]
[Black "Kucharska, Honorata"]
[Result "1-0"]
[WhiteElo "2089"]
[BlackElo "2193"]
[EventDate "2022.08.20"]
[PlyCount "75"]

1.d4 d5 2.c4 e6 3.Nc3 Nf6 4.cxd5 exd5 5.Bg5 c6 6.e3 Be7 7.Bd3 O-O 8.Qc2 h6
9.Bh4 Re8 10.Nf3 Nbd7 11.O-O Ne4 12.Bxe7 Qxe7 13.Bxe4 dxe4 14.Nd2 Nf6 15.
Rfe1 Bd7 16.Rad1 Rad8 17.f3 exf3 18.Nxf3 Bg4 19.e4 Nh7 20.Rd3 Bxf3 21.gxf3
c5 22.d5 Qe5 23.Rf1 c4 24.Rd2 Ng5 25.Kh1 Nh3 26.Ne2 Rd6 27.Qxc4 Rg6 28.f4 
Qh5 29.e5 Qg4 30.Ng3 Rc8 31.Qe4 Qh4 32.Nf5 Qd8 33.d6 Qa5 34.Ne7+ Kh7 35.
Nxg6 fxg6 36.Rg2 Rg8 37.Qxg6+ Kh8 38.Qd3 1-0

[Event "22nd EUR-ch (w)"]
[Site "Prague CZE"]
[Date "2022.08.25"]
[Round "6.45"]
[White "Hnatyshyn, Anastasiia"]
[Black "Lehaci, Miruna-Daria"]
[Result "0-1"]
[WhiteElo "2061"]
[BlackElo "2186"]
[EventDate "2022.08.20"]
[PlyCount "118"]

1.e4 c5 2.Nf3 d6 3.d4 cxd4 4.Nxd4 Nf6 5.Nc3 Nc6 6.Bg5 a6 7.Qd2 e6 8.O-O-O 
Bd7 9.Kb1 b5 10.Nxc6 Bxc6 11.f3 Be7 12.h4 h6 13.Be3 h5 14.Ne2 Qc7 15.Nd4 
Bd7 16.Rg1 Rc8 17.c3 Qb7 18.Nb3 e5 19.c4 O-O 20.Na5 Qb8 21.Rc1 Rfd8 22.Qb4
Re8 23.Qd2 bxc4 24.Nxc4 Be6 25.Bg5 Red8 26.Na5 Rxc1+ 27.Kxc1 Qa7 28.Be3 
Qa8 29.Qb4 Rd7 30.Qc3 d5 31.Qxe5 Bd6 32.Qd4 dxe4 33.Nc4 Bxc4 34.Bxc4 Bh2 
35.Qc3 Bxg1 36.Bxg1 Qd8 37.Qc2 exf3 38.gxf3 Nd5 39.Bf2 Nb6 40.Bxb6 Qxb6 
41.Qe2 Qc7 42.b3 a5 43.Kb1 Re7 44.Qd2 Qe5 45.Qd3 Qe1+ 46.Kb2 Qf2+ 47.Qc2 
Qxc2+ 48.Kxc2 Re3 49.Bd5 Re2+ 50.Kb1 Rh2 51.a3 Rxh4 52.Kc2 Rd4 53.Bc6 g5 
54.Kc3 Rd6 55.Be4 h4 56.b4 axb4+ 57.axb4 h3 58.b5 h2 59.f4 Rd1 0-1

[Event "22nd EUR-ch (w)"]
[Site "Prague CZE"]
[Date "2022.08.25"]
[Round "6.46"]
[White "Polterauer, Chiara"]
[Black "Sochorova, Petra"]
[Result "1/2-1/2"]
[WhiteElo "2183"]
[BlackElo "2019"]
[EventDate "2022.08.20"]
[PlyCount "50"]

1.e4 e6 2.d4 d5 3.Nd2 c5 4.exd5 Qxd5 5.Ngf3 cxd4 6.Bc4 Qd6 7.O-O Nf6 8.Nb3
Nc6 9.Nbxd4 Nxd4 10.Nxd4 a6 11.a4 Qc7 12.Bb3 Bd6 13.h3 b6 14.Re1 O-O 15.c3
h6 16.Qe2 Bb7 17.Bc2 Rad8 18.Be3 Bh2+ 19.Kh1 Bf4 20.Bxf4 Qxf4 21.Qe3 Qxe3 
22.Rxe3 Nd5 23.Ree1 Nf4 24.Be4 Bxe4 25.Rxe4 Nd3 1/2-1/2

[Event "22nd EUR-ch (w)"]
[Site "Prague CZE"]
[Date "2022.08.25"]
[Round "6.47"]
[White "Tsotsonava, Elene"]
[Black "Ciolacu, Alessia-Mihaela"]
[Result "0-1"]
[WhiteElo "1858"]
[BlackElo "2169"]
[EventDate "2022.08.20"]
[PlyCount "80"]

1.e4 e5 2.Nf3 Nc6 3.Nc3 Bc5 4.Bc4 Nf6 5.d3 h6 6.O-O d6 7.h3 O-O 8.Na4 Bb6 
9.Nxb6 axb6 10.Be3 Ne7 11.Re1 Ng6 12.d4 Qe7 13.Nd2 Nh7 14.Qh5 Qf6 15.c3 
Be6 16.Bd5 Nf4 17.Bxf4 Qxf4 18.Bxe6 Qxd2 19.Re2 Qf4 20.Bb3 Ra5 21.Qf5 Qh4 
22.Bd5 exd4 23.b4 Ra3 24.cxd4 Rd3 25.Bxb7 Rxd4 26.b5 Rc4 27.Rd1 Qe7 28.e5 
Rc5 29.Be4 g6 30.exd6 Qxd6 31.Rxd6 gxf5 32.Rxh6 fxe4 33.Rxe4 Rxb5 34.Reh4 
Ng5 35.f4 Ne6 36.Rg4+ Ng7 37.Rgh4 f6 38.Rg6 Kf7 39.Rhh6 Ne8 40.h4 Rg8 0-1

[Event "22nd EUR-ch (w)"]
[Site "Prague CZE"]
[Date "2022.08.25"]
[Round "6.48"]
[White "Vanduyfhuys, Daria"]
[Black "Rodshtein, Tereza"]
[Result "0-1"]
[WhiteElo "2054"]
[BlackElo "2154"]
[EventDate "2022.08.20"]
[PlyCount "98"]

1.d4 d5 2.c4 dxc4 3.Nf3 a6 4.e3 b5 5.a4 Bb7 6.b3 e6 7.axb5 axb5 8.Rxa8 
Bxa8 9.bxc4 bxc4 10.Bxc4 Nf6 11.O-O Nbd7 12.Nc3 Be7 13.Bb2 O-O 14.Qe2 c5 
15.Rd1 Qc7 16.Nb5 Qb7 17.Ba3 Rb8 18.Rb1 Ne4 19.Bd3 Qa6 20.Ra1 Qb6 21.Ne1 
Bc6 22.f3 Nef6 23.Rb1 Qa5 24.Nc2 Nd5 25.dxc5 Bf6 26.Qf1 g6 27.Nbd4 Rc8 28.
Nxc6 Rxc6 29.Bb5 Rc7 30.Bxd7 Rxd7 31.Qb5 Qxb5 32.Rxb5 Rc7 33.Kf2 h5 34.e4 
Ne7 35.Ke3 Nc6 36.f4 e5 37.g3 Kg7 38.Rb6 Nd8 39.Kd3 exf4 40.gxf4 Ne6 41.
Kc4 Nxf4 42.c6 Be5 43.Ne3 Ra7 44.Bb2 Bxb2 45.Rxb2 Ne6 46.Kd5 Ra3 47.Nc4 
Rd3+ 48.Ke5 Nd8 49.Rd2 f6+ 0-1

[Event "22nd EUR-ch (w)"]
[Site "Prague CZE"]
[Date "2022.08.25"]
[Round "6.49"]
[White "Ibrahimova, Sabina"]
[Black "Dvorakova, Olga"]
[Result "1/2-1/2"]
[WhiteElo "2146"]
[BlackElo "1921"]
[EventDate "2022.08.20"]
[PlyCount "124"]

1.e4 e5 2.Nf3 Nf6 3.d4 Nxe4 4.Bd3 Nc6 5.O-O d5 6.c4 Nb4 7.Nxe5 Nxd3 8.Qxd3
Be7 9.f3 Nf6 10.c5 O-O 11.Nc3 Nd7 12.Ng4 Nf6 13.Ne5 Nd7 14.f4 c6 15.b4 Nf6
16.Bd2 g6 17.f5 Bxf5 18.Rxf5 gxf5 19.Bh6 Ng4 20.Bxf8 Nxe5 21.Qxf5 Bxf8 22.
dxe5 Bg7 23.Qg4 Qc8 24.Qg3 Qf5 25.Re1 Re8 26.Nd1 Rxe5 27.Rf1 Qe4 28.Nf2 
Qe3 29.Qg4 Re6 30.g3 Qd4 31.Qg5 Rf6 32.a3 h6 33.Qh5 Qe3 34.Kg2 d4 35.Qd1 
Rf5 36.a4 Qc3 37.Nd3 Rxf1 38.Kxf1 Qc4 39.Kg1 Qe6 40.a5 Bf6 41.Nf4 Qf5 42.
Kg2 Kh7 43.Kf3 Be5 44.Qd3 Qxd3+ 45.Nxd3 f6 46.b5 Bc7 47.b6 Bb8 48.Nf4 axb6
49.cxb6 Bd6 50.Ke4 Bb4 51.a6 bxa6 52.Kxd4 Kg8 53.Nd3 Bd6 54.Nc5 h5 55.Nb7 
Bb8 56.Kc5 h4 57.gxh4 Bxh2 58.Nd6 Bg1+ 59.Kxc6 Bxb6 60.Kxb6 Kg7 61.Ne4 Kg6
62.Kxa6 Kh5 1/2-1/2

[Event "22nd EUR-ch (w)"]
[Site "Prague CZE"]
[Date "2022.08.25"]
[Round "6.50"]
[White "Terbe, Zsuzsanna"]
[Black "Orian, Noga"]
[Result "1/2-1/2"]
[WhiteElo "2196"]
[BlackElo "1855"]
[EventDate "2022.08.20"]
[PlyCount "46"]

1.d4 Nf6 2.c4 e6 3.Nc3 Bb4 4.e3 O-O 5.Bd3 d5 6.Bd2 c5 7.a3 cxd4 8.axb4 
dxc3 9.Bxc3 b6 10.c5 Bb7 11.Nf3 Nbd7 12.cxb6 axb6 13.O-O Qe7 14.Ra3 Rfc8 
15.Qb3 Ne4 16.Bxe4 dxe4 17.Ne5 Bd5 18.Rxa8 Rxa8 19.Qc2 Nxe5 20.Bxe5 Qxb4 
21.Qc7 Qc5 22.Qxc5 bxc5 23.h4 f6 1/2-1/2

[Event "22nd EUR-ch (w)"]
[Site "Prague CZE"]
[Date "2022.08.25"]
[Round "6.51"]
[White "Levitan, Ronit"]
[Black "Sankova, Stella"]
[Result "1-0"]
[WhiteElo "2158"]
[BlackElo "2067"]
[EventDate "2022.08.20"]
[PlyCount "47"]

1.e4 c5 2.c3 d5 3.exd5 Qxd5 4.d4 g6 5.Nf3 Bg7 6.Na3 cxd4 7.Bc4 Qe4+ 8.Be3 
Nh6 9.cxd4 O-O 10.O-O Nf5 11.Qb3 e6 12.Rfe1 Nxe3 13.Rxe3 Qf4 14.d5 exd5 
15.Bxd5 Nd7 16.Nc4 Nf6 17.Bxf7+ Rxf7 18.Nce5 Ng4 19.Nxf7 Qxf7 20.Re8+ Bf8 
21.Rc1 Be6 22.Rxe6 Rd8 23.h3 Bh6 24.Rce1 1-0

[Event "22nd EUR-ch (w)"]
[Site "Prague CZE"]
[Date "2022.08.25"]
[Round "6.52"]
[White "Utiatskaya, Irina"]
[Black "Svobodova, Michaela"]
[Result "1/2-1/2"]
[WhiteElo "2154"]
[BlackElo "1943"]
[EventDate "2022.08.20"]
[PlyCount "77"]

1.e4 c5 2.Nf3 Nc6 3.Bb5 e5 4.O-O Bd6 5.Bxc6 dxc6 6.h3 Ne7 7.a4 a5 8.d3 O-O
9.Nbd2 Ng6 10.Nc4 f6 11.Bd2 Bc7 12.Kh1 Qe7 13.Ng1 Rd8 14.Ne2 Nf8 15.f4 
exf4 16.Nxf4 Ne6 17.Nxe6 Bxe6 18.b3 Bxc4 19.bxc4 b5 20.cxb5 c4 21.Qb1 cxd3
22.cxd3 cxb5 23.axb5 Qd7 24.b6 Bb8 25.Qa2+ Kh8 26.Rf3 Qd6 27.Bf4 Qxb6 28.
Rb1 Qa6 29.Bxb8 Raxb8 30.Rxb8 Rxb8 31.d4 Qb7 32.e5 fxe5 33.dxe5 Qb1+ 34.
Qxb1 Rxb1+ 35.Kh2 Kg8 36.Rc3 Re1 37.Rc5 a4 38.Ra5 a3 39.Rxa3 1/2-1/2

[Event "22nd EUR-ch (w)"]
[Site "Prague CZE"]
[Date "2022.08.25"]
[Round "6.53"]
[White "Head, Louise"]
[Black "Petrova, Irina"]
[Result "0-1"]
[WhiteElo "2024"]
[BlackElo "2127"]
[EventDate "2022.08.20"]
[PlyCount "124"]

1.d4 d6 2.c4 g6 3.e4 Bg7 4.Nc3 Nc6 5.Be3 e5 6.d5 Nd4 7.Nge2 Nxe2 8.Bxe2 f5
9.f3 Nf6 10.Qc2 O-O 11.O-O-O a6 12.Kb1 fxe4 13.fxe4 Ng4 14.Bxg4 Bxg4 15.
Rdf1 c5 16.Rf2 Qh4 17.h3 Bd7 18.Rhf1 b5 19.Rxf8+ Rxf8 20.Rxf8+ Bxf8 21.Qf2
Qd8 22.Qf1 Qb8 23.Qf6 bxc4 24.Bg5 Qe8 25.Qd8 Qxd8 26.Bxd8 Kf7 27.Bg5 h6 
28.Bd2 g5 29.Nd1 g4 30.h4 Bb5 31.Kc2 Ba4+ 32.Kc1 Bxd1 33.Kxd1 h5 34.g3 Be7
35.Ba5 Ke8 36.Kc2 Kd7 37.a3 Kc8 38.Kd1 Kb7 39.Kc2 Bf6 40.Kd1 c3 41.Bxc3 
Kb6 42.Bd2 Bd8 43.Kc2 Kb5 44.b3 c4 45.Be3 a5 46.a4+ Kb4 47.Bd2+ Ka3 48.
Bc1+ Ka2 49.bxc4 Bb6 50.Bg5 Ka3 51.Be7 Bc5 52.Bg5 Kxa4 53.Bd2 Bf2 54.Bg5 
Kb4 55.Kd3 a4 56.Bd2+ Kb3 57.Bf4 Bc5 58.Bd2 a3 59.Bc3 a2 60.Ba1 Bd4 61.
Bxd4 exd4 62.Kxd4 a1=Q+ 0-1

[Event "22nd EUR-ch (w)"]
[Site "Prague CZE"]
[Date "2022.08.25"]
[Round "6.54"]
[White "Hrebenshchykova, Yelyzaveta"]
[Black "Grineva, Marianna"]
[Result "1-0"]
[WhiteElo "2123"]
[BlackElo "2006"]
[EventDate "2022.08.20"]
[PlyCount "87"]

1.d4 f5 2.c4 Nf6 3.Nf3 g6 4.g3 Bg7 5.Bg2 O-O 6.O-O d6 7.Nc3 Qe8 8.d5 Na6 
9.Nd4 Bd7 10.Rb1 c6 11.b4 Rc8 12.dxc6 bxc6 13.b5 cxb5 14.cxb5 Rxc3 15.bxa6
Ne4 16.Be3 Ra3 17.Qc1 Rxa2 18.Rb7 Ra4 19.Bxe4 fxe4 20.Rd1 Bf6 21.Qc2 Qc8 
22.Rc7 Qd8 23.Rxa7 d5 24.Qb3 Rc4 25.Nb5 Be6 26.Nd4 Bg4 27.Qb7 Qa5 28.Nc6 
Qa4 29.Nxe7+ Bxe7 30.Qxd5+ Rf7 31.Rxe7 Qxd1+ 32.Qxd1 Rxe7 33.Qd8+ Kf7 34.
a7 Rc8 35.Qxc8 Bxc8 36.a8=Q Bf5 37.Qd5+ Re6 38.Kg2 h5 39.Bc5 Ke8 40.Qa8+ 
Kd7 41.Qb7+ Kd8 42.Be3 Ke8 43.Bg5 Kf8 44.Qd7 1-0

[Event "22nd EUR-ch (w)"]
[Site "Prague CZE"]
[Date "2022.08.25"]
[Round "6.55"]
[White "Folkova, Martina"]
[Black "Koubova, Anna Marie"]
[Result "1/2-1/2"]
[WhiteElo "1991"]
[BlackElo "2122"]
[EventDate "2022.08.20"]
[PlyCount "141"]

1.e4 e6 2.d4 d5 3.Nd2 c5 4.Ngf3 cxd4 5.Nxd4 Nc6 6.Bb5 Ne7 7.O-O Bd7 8.Nxc6
Bxc6 9.Bd3 Ng6 10.exd5 Qxd5 11.Be4 Qd7 12.Bxc6 Qxc6 13.Qf3 Qc7 14.Qb3 a6 
15.Nf3 Bd6 16.Be3 O-O 17.Bb6 Qe7 18.Rfd1 Rac8 19.c4 e5 20.Rac1 Nf4 21.Re1 
Qf6 22.g3 Nh3+ 23.Kg2 Ng5 24.c5 e4 25.Nxg5 Qxg5 26.h4 Qh6 27.Qd5 Bc7 28.
Bxc7 Rxc7 29.Qxe4 Qd2 30.Rc2 Qa5 31.b4 Qa4 32.Re3 f5 33.Qd5+ Kh8 34.Rce2 
f4 35.Rf3 Rcf7 36.Re4 h6 37.Rfxf4 Rxf4 38.gxf4 Qb5 39.a3 b6 40.Qb7 Rf6 41.
h5 bxc5 42.Qc8+ Kh7 43.Qxc5 Qd7 44.Kg3 Qd3+ 45.Qe3 Qd1 46.f3 Rf5 47.Re5 
Rxe5 48.fxe5 Qh1 49.Qe4+ Kh8 50.Qg4 Qe1+ 51.Kf4 Qc1+ 52.Kf5 Qxa3 53.Kg6 
Qc1 54.e6 Kg8 55.Kf5 Qb1+ 56.Qe4 Qh1 57.Qg4 Qa1 58.Ke4 Qc3 59.Kd5 Qd3+ 60.
Kc6 Qb5+ 61.Kc7 Qe5+ 62.Kb6 Qb5+ 63.Ka7 a5 64.e7 Kf7 65.Qg6+ Kxe7 66.Qxg7+
Kd8 67.Qf8+ Kd7 68.Qg7+ Kd8 69.Qd4+ Ke8 70.Qe4+ Kd8 71.Qd4+ 1/2-1/2

[Event "22nd EUR-ch (w)"]
[Site "Prague CZE"]
[Date "2022.08.25"]
[Round "6.56"]
[White "Sevcikova, Lucia"]
[Black "Kochavi, Dana"]
[Result "1/2-1/2"]
[WhiteElo "2058"]
[BlackElo "1894"]
[EventDate "2022.08.20"]
[PlyCount "106"]

1.d4 Nf6 2.c4 e6 3.Nc3 Bb4 4.Qc2 d5 5.cxd5 exd5 6.Bg5 h6 7.Bxf6 Qxf6 8.e3 
c6 9.Bd3 Be6 10.Ne2 Nd7 11.O-O O-O 12.f4 Nb6 13.Ng3 Rad8 14.Qf2 Bc8 15.Nh5
Qe7 16.f5 f6 17.a3 Bd6 18.b4 Rfe8 19.Rae1 Qf7 20.Nf4 a5 21.bxa5 Nc4 22.
Bxc4 dxc4 23.g4 Bxa3 24.Rb1 Qe7 25.Ng2 Bb4 26.Qa2 Kh7 27.Ne2 Rd5 28.Qxc4 
Bxa5 29.Nef4 Rd6 30.Ng6 Qd8 31.Rfd1 b5 32.Qb3 Bb6 33.Rdc1 Qc7 34.N6f4 Rdd8
35.Nd3 h5 36.h3 Qg3 37.Qf7 Rxe3 38.Qg6+ Kg8 39.Nf4 Bxd4 40.Kh1 Re2 41.Re1 
Rxe1+ 42.Rxe1 Qa3 43.Re8+ Rxe8 44.Qxe8+ Qf8 45.Qxc6 Kh7 46.Qxb5 Qa3 47.Qe8
Qc1+ 48.Kh2 Bg1+ 49.Kg3 Qc3+ 50.Kh4 Bf2+ 51.Kxh5 Bxf5 52.Nh4 Bxh4 53.Kxh4 
g5+ 1/2-1/2

[Event "22nd EUR-ch (w)"]
[Site "Prague CZE"]
[Date "2022.08.25"]
[Round "6.57"]
[White "Katter, Katharina"]
[Black "Vega Gutierrez, Sabrina"]
[Result "0-1"]
[WhiteElo "1960"]
[BlackElo "2366"]
[EventDate "2022.08.20"]
[PlyCount "78"]

1.Nf3 d5 2.e3 Nf6 3.c4 e6 4.Nc3 Bd6 5.b3 O-O 6.Bb2 b6 7.g3 Bb7 8.Bg2 c5 9.
O-O dxc4 10.bxc4 Nc6 11.Qe2 Rc8 12.d3 Qe7 13.Ng5 h6 14.Nge4 Nxe4 15.Nxe4 
Be5 16.Bxe5 Nxe5 17.f4 Nc6 18.f5 exf5 19.Rxf5 Rce8 20.Raf1 Ne5 21.Nc3 Bxg2
22.Kxg2 Qd6 23.Nd5 b5 24.Qh5 Re6 25.d4 cxd4 26.exd4 Nxc4 27.Rxf7 Rxf7 28.
Qxf7+ Kh8 29.Qf8+ Qxf8 30.Rxf8+ Kh7 31.Kf3 Nd2+ 32.Kf2 Ne4+ 33.Kf3 Ng5+ 
34.Kf2 Ra6 35.Nb4 Ra4 36.Nc6 Rxa2+ 37.Ke3 Ra3+ 38.Kd2 Ne4+ 39.Kc1 Rc3+ 0-1

[Event "22nd EUR-ch (w)"]
[Site "Prague CZE"]
[Date "2022.08.25"]
[Round "6.58"]
[White "Froewis, Annika"]
[Black "Acarbay, Algi"]
[Result "1/2-1/2"]
[WhiteElo "2044"]
[BlackElo "1951"]
[EventDate "2022.08.20"]
[PlyCount "54"]

1.d4 d5 2.Bf4 Nf6 3.e3 c5 4.c3 e6 5.Nd2 Bd6 6.Bg3 Qc7 7.Ngf3 Nbd7 8.Bh4 
O-O 9.Bd3 b6 10.Qe2 Bb7 11.dxc5 Nxc5 12.Bxf6 Nxd3+ 13.Qxd3 gxf6 14.Nd4 a6 
15.f4 Kh8 16.O-O-O Rg8 17.Rhg1 b5 18.Kb1 Rac8 19.a3 Qd7 20.Rdf1 Bc6 21.
N2b3 Qc7 22.Rf3 Bd7 23.Rh3 Rg7 24.Rh6 Rg6 25.Rh4 Rg7 26.Rh6 Rg6 27.Rh4 Rg7
1/2-1/2